Tilastot visalle Kymmenen eteläisintä megapolia

Klikkaa tästä pelataksesi tätä visaa!

Yleistilastot

  • Tätä visaa on pelattu 457 kertaa
  • Keskiarvotulos 5 / 10

Vastaustilastot

LeveyspiiriKaupunki% Oikein
34,6° SBuenos Aires
87%
22,9° SRio de Janeiro
83%
6,1° SJakarta
68%
23,6° SSão Paulo
63%
26,2° SJohannesburg
61%
12,0° SLima
53%
6,5° NLagos
41%
4,4° SKinshasa
40%
4,7° NBogotá
22%
10,8° NHo Chi Minh
19%

Tulosjakauma

Persentiili vastausten määrän mukaan

Jokaisen tuloksen saaneiden osuus

Tuloshistoriasi

Et ole pelannut tätä visaa